| 000 | 00970nam a22002777a 4500 | ||
|---|---|---|---|
| 005 | 20110818135629.0 | ||
| 008 | 110818t xxu||||| |||| 00| 0 eng d | ||
| 010 | _aENG-103421 | ||
| 020 |
_a9780071078153 _c1300.00 |
||
| 020 |
_a0071078150 _c1300.00 |
||
| 035 | _aEN-86954 | ||
| 037 | _bDBAD/PUB | ||
| 040 |
_aDPL _bEnglish |
||
| 082 | _a303.34 | ||
| 100 |
_932824 _aChatterjee, Bhaskar |
||
| 245 |
_aLeadership India : _cby Bhaskar Chatterjee [and] Saugata Mitra _bleading change, changing lives / |
||
| 260 |
_aNew Delhi _bTata McGraw Hill _c2011 |
||
| 270 |
_a7, West Patel Nagar _bNew Delhi _e110008 |
||
| 300 |
_a180p. : _c28cm (Hb) _bcol. ill. |
||
| 500 | _aIncludes index | ||
| 650 | _933042 | ||
| 700 |
_932825 _aMitra, Saugata |
||
| 700 | _933040 | ||
| 942 |
_2ddc _cEN _h303.34 _mCHA |
||
| 999 |
_c55604 _d55604 |
||